1867 1924 1485 1130 1561 1790 1543 1928 1060 1615 1492 1741 1125 1005 1873 1039 1981 1055 1004 1020 1011 1443 1126 1367 1606 1461 1282 1903 1786 1659 1453 1399 1661 1900 1641 1231 1732 1206 1044 1045 1557 1747 1709 1247 1558 1154 1604 1445 1008 1930 1266 1302 1835 1856 1083 1528 1408 1478 1925 1612 1631 1494 1319 1499 1284 1977 1589 1548 1789 1303 1305 1511 1106 1830 1715 1514 1206 1580 1948 1853 1507 1782 1109 1520 1734 1769 1655 1753 1269 1793 1022 1330 1315 1756 1988 1494 1439 1591 1607 BCNSPRNW ULIB Ver.6.0+V

เปลี่ยนเป็นภาษาไทย

Change to English
 แสดงรายละเอียดบรรณานุกรม
  กลับหน้าหลัก

Brief Record : Get Marc (ISO 2709) : E-mail record : QR code < ปิดหน้าต่าง
LEADER : 00000nas 2200000uu 4500
001    13399124439
003     ULIB
008    150720s||||||||th 000 0 tha d
022 0  22870369
110 1  สถาบันบำบัดรักษาและฟื้นฟูผู้ติดยาเสพติดแห่งชาติบรมราชชนนี
245 00 วารสารวิชาการเสพติด/^สถาบันบำบัดรักษาและฟื้นฟูผู้ติดยาเสพติดแห่งชาติบรมราชชนนี
310    ^aราย 6 เดือน
850 ^a ULIB^bปีที่ 2 ฉบับที่ 1 ฉ.1 ;ปีที่ 2 ฉบับที่ 2 ฉ.1
945    ^p0^l0^i903151
945    ^p0^l0^i903152
999    ^aเกษร โพธิ์สุวรรณ
รายการนี้ยังไม่มีแท็ก
คุณยังไม่ได้ล็อกอิน คุณสามารถมีกิจกรรมร่วมกับเว็บไซต์ได้ แต่ต้องล็อกอินก่อน ::
  ล็อกอิน

รายการสื่อสารสนเทศ (วารสาร)

ดูแบบ: กล่อง รายการ
ARRIVED
ปีที่ 2 ฉบับที่ 1 ฉ.1
สถานที่: ห้องสมุดวิทยาเขตสวรรค์ประชารักษ์ >วารสาร
ARRIVED
ปีที่ 2 ฉบับที่ 2 ฉ.1
สถานที่: ห้องสมุดวิทยาเขตสวรรค์ประชารักษ์ >วารสาร
รายการใกล้เคียง
    ชื่อเรื่อง [วารสารวิชาการเสพติด/^สถาบันบำบัดรักษาและฟื้นฟูผู้ติดยาเสพติดแห่งชาติบรมราชชนนี]

BibComment


ยังไม่เคยถูกคอมเมนท์

คอมเมนท์ทรัพยากรรายการนี้
  คอมเมนท์: วารสารวิชาการเสพต..


 Copyright 2026. Bcnsprnw @Library